Maasir-I-'Alamgiri: (Record no. 16206)
[ view plain ]
| 000 -LEADER | |
|---|---|
| fixed length control field | 01133 a2200277 4500 |
| 005 - DATE AND TIME OF LATEST TRANSACTION | |
| control field | 20080924111043.0 |
| 008 - FIXED-LENGTH DATA ELEMENTS--GENERAL INFORMATION | |
| fixed length control field | 080924t xxu||||| |||| 00| 1aeng d |
| 010 ## - LCCN (DPL NO) | |
| LC control number | ENG-91124 |
| 020 ## - INTERNATIONAL STANDARD BOOK NUMBER | |
| Terms of availability | 240.00 |
| 035 ## - SYSTEM CONTROL NUMBER | |
| System control number | EN-74657 |
| 037 ## - SOURCE OF ACQUISITION | |
| Source of stock number/acquisition | DBAD / PUB |
| 040 ## - CATALOGING SOURCE | |
| Original cataloging agency | dpl |
| Language of cataloging | English |
| 082 ## - DEWEY DECIMAL CLASSIFICATION NUMBER | |
| Classification number | 954.022 |
| 100 ## - MAIN ENTRY--PERSONAL NAME | |
| Personal name | Khan, Saqi Must'ad |
| 245 ## - TITLE STATEMENT | |
| Title | Maasir-I-'Alamgiri: |
| Statement of responsibility, etc | by Saqi Must'ad Khan; translated into english and annotated by Jadu Nath Sarkar |
| Remainder of title | a history of the emperor Aurangzib-'Alamgir (reign 1658-1707 A.D.) / |
| 260 ## - PUBLICATION, DISTRIBUTION, ETC. (IMPRINT) | |
| Place of publication, distribution, etc | Kolkata |
| Name of publisher, distributor, etc | The Asiatic Socitey |
| Date of publication, distribution, etc | 2008(repr.). |
| 270 ## - ADDRESS | |
| Address | 1 Park Street, |
| City | Kolkata |
| Postal code | 700016 |
| 300 ## - PHYSICAL DESCRIPTION | |
| Extent | ix, 350p. |
| Dimensions | 23cm. (Hb) |
| 500 ## - GENERAL NOTE | |
| General note | Includes glossary and index |
| 600 ## - SUBJECT ADDED ENTRY--PERSONAL NAME | |
| Personal name | Aurangzeb, Emperor of Hindustan, 1618-1707 |
| 650 ## - SUBJECT ADDED ENTRY--TOPICAL TERM | |
| Topical term or geographic name as entry element | Mughal Empire |
| General subdivision | History |
| 650 ## - SUBJECT ADDED ENTRY--TOPICAL TERM | |
| Topical term or geographic name as entry element | Mughal Empire |
| General subdivision | Kings & rulars |
| -- | Biography |
| 700 ## - ADDED ENTRY--PERSONAL NAME | |
| Personal name | Sarkar, Jadunath |
| 942 ## - ADDED ENTRY ELEMENTS (KOHA) | |
| Institution code [OBSOLETE] | dpl |
| Item type | English Books |
| Source of classification or shelving scheme | Dewey Decimal Classification |
| Call number suffix | KHA |
| Classification part | 954.022 |
| Withdrawn status | Lost status | Source of classification or shelving scheme | Damaged status | Not for loan | Collection code | Home library | Current library | Date acquired | Source of acquisition | Cost, normal purchase price | Total Checkouts | Full call number | Barcode | Date last seen | Copy number | Cost, replacement price | Koha item type |
|---|---|---|---|---|---|---|---|---|---|---|---|---|---|---|---|---|---|
| Dewey Decimal Classification | Not For Loan | Non-fiction | D.B.Act.Division | D.B.Act.Division | 03/10/2008 | DBAD / PUB | 240.00 | 954.022 KHA | EN-74657 | 03/10/2008 | 1 | 240.00 | English Books |
